000 00394nam a2200133Ia 4500
008 231221s9999 xx 000 0 und d
041 _aEnglish
082 _a647.94 ELL;1 R
100 _aEllis, Raymond C (ed.)
245 2 _aA Guide to occupational safety and health standards compliance for the lodging industry
260 _c1997
_bAH & LEI
_aLansing MI
300 _ax+109
942 _cHM
999 _c208613
_d208613